00542 a2200169 4500020001500000020001800015082001100033100002100044245011900065260004100184300002100225490003200246700001900278700001700297700002600314830003200340 a0486638332 a9780486638331 a516.831 aBorisenko, A. I.10aVector and tensor analysis with applications /cA. I. Borisenko, I. E. Tarapov, Mathematics, Richard A. Silverman. a[S.l.] :bDover Publications,c1979. a288 p. ;c21 cm.1 aDover books on mathematics.1 aTarapov, I. E.1 aMathematics.1 aSilverman, Richard A. 0aDover books on mathematics.